000 00735nam a2200253Ia 4500
003 OSt
005 20221007102337.0
006 a|||||r|||| 00| 0
007 ta
008 221006b |||||||| |||| 00| 0 eng d
024 _a10,091
037 _cReference Collections
040 _aLCO
_cLCO
_beng
041 _2eng
_aeng
082 _aX577:545.1:(Z), P4
100 _aRao M.B. Au.
_9704458
245 0 _aWTO Dispute Settlement And Developing Countries
260 _aNew
_bDelhi Lexis, Nexis Butterwroths India
_c2004
300 _a345
650 _aWTO
700 _a Guru M. Au.
_9704459
942 _hX577:545.1:(Z), P4
_cREF
999 _c1179654
_d1179654